Principles of environmental engineering and science / (Record no. 83275)

MARC details
000 -LEADER
fixed length control field 00824nam a22002537a 4500
005 - DATE AND TIME OF LATEST TRANSACTION
control field 20140502103129.0
010 ## - LCCN (DPL NO)
LC control number ENG-109651
020 ## - INTERNATIONAL STANDARD BOOK NUMBER
Terms of availability 599.00
International Standard Book Number 9781259098499
020 ## - INTERNATIONAL STANDARD BOOK NUMBER
Terms of availability 599.00
International Standard Book Number 1259098494
035 ## - SYSTEM CONTROL NUMBER
System control number EN-93184
037 ## - SOURCE OF ACQUISITION
Source of stock number/acquisition DBAD/PUB
082 ## - DEWEY DECIMAL CLASSIFICATION NUMBER
Classification number 628
100 ## - MAIN ENTRY--PERSONAL NAME
Personal name Davis, Mackenzie L
245 00 - TITLE STATEMENT
Title Principles of environmental engineering and science /
Statement of responsibility, etc by Mackenzie L. Davis [and] Susan J. Masten
250 ## - EDITION STATEMENT
Edition statement 2nd ed
260 ## - PUBLICATION, DISTRIBUTION, ETC. (IMPRINT)
Place of publication, distribution, etc New Delhi
Name of publisher, distributor, etc McGraw Hill Education
Date of publication, distribution, etc 2013
270 ## - ADDRESS
Address P-24, Green Park Extn.
City New Delhi
Postal code 110016
300 ## - PHYSICAL DESCRIPTION
Extent xv,784p. :
Dimensions 25cm(pbk)
Other physical details ill.,maps
500 ## - GENERAL NOTE
General note Includes bibliographical references and index.
650 ## - SUBJECT ADDED ENTRY--TOPICAL TERM
Topical term or geographic name as entry element Environmental engineering.
650 ## - SUBJECT ADDED ENTRY--TOPICAL TERM
Topical term or geographic name as entry element Environmental sciences.
700 ## - ADDED ENTRY--PERSONAL NAME
Personal name Masten, Susan J
942 ## - ADDED ENTRY ELEMENTS (KOHA)
Source of classification or shelving scheme Dewey Decimal Classification
Item type English Books
Call number suffix DAV
Classification part 628
Holdings
Withdrawn status Lost status Not for loan Collection code Home library Current library Date acquired Source of acquisition Cost, normal purchase price Full call number Barcode Copy number Cost, replacement price Koha item type
    Not For Loan Non-fiction D.B.Act.Division D.B.Act.Division 04/04/2014 DBAD/PUB 599.00 628 DAV EN-93184 1 599.00 English Books

© Delhi Public Library
Hit Counter
free hit counter